Statistics for Ohio State Buckeyes Football Trivia

Click here to take the quiz!

General Stats

  • This quiz has been taken 1,245 times
  • The average score is 13 of 17

Answer Stats

QuestionAnswer% Correct
Ohio State's conferenceBig 10
99%
Ohio State's greatest rivalMichigan
99%
Head coach from 2012–2018 who won all seven games against that rivalUrban Meyer
92%
Last name of former Ohio State standouts Nick and JoeyBosa
89%
Current head coach of the BuckeyesRyan Day
88%
Nickname of Ohio StadiumThe Horseshoe
83%
Ohio State's mascot{Brutus} Buckeye
76%
Quarterback who set a Buckeyes record with 4,831 yards passing in 2018Dwayne Haskins
72%
Standout defensive end who has been compared to The Predator due to his dreadlocksChase Young
71%
Buckeyes who have rushed for over 1,800 yards in a seasonEzekiel Elliott
69%
School which Ohio State beat in overtime to win the 2002 BCS championshipMiami
69%
Coach who led the Buckeyes to their first national title in 1942 and later had
an NFL team named after him
Paul Brown
68%
Musical instrument which "dots the i" when the marching band spells
out "Ohio" on the field
Sousaphone
68%
Heisman winner in 1974 and 1975 – the only player to win the award twiceArchie Griffin
67%
Coach from 1951–1978 who won five national championshipsWoody Hayes
63%
Buckeyes who have rushed for over 1,800 yards in a seasonEddie George
54%
Buckeyes who have rushed for over 1,800 yards in a seasonJ.K. Dobbins
52%

Score Distribution

Percentile by Number Answered

Percent of People with Each Score

Your Score History

You have not taken this quiz